[Event "AUT-chT2M 2223"]
[Site "Austria"]
[Date "2022.10.22"]
[Round "5.5"]
[White "Marakovits, Nico"]
[Black "Krumphals, Friedrich"]
[Result "1/2-1/2"]
[WhiteElo "1994"]
[BlackElo "2219"]
[PlyCount "106"]
[EventDate "2022.09.30"]
[EventType "team-tourn"]
[EventRounds "11"]
[EventCountry "AUT"]
[SourceTitle "EXT 2024"]
[Source "ChessBase"]
[SourceDate "2023.10.10"]
[SourceVersion "1"]
[SourceVersionDate "2023.10.10"]
[SourceQuality "1"]
[WhiteTeam "Fuerstenfeld/Hartberg"]
[BlackTeam "Gamlitz"]
[WhiteTeamCountry "AUT"]
[BlackTeamCountry "AUT"]

1. d4 Nf6 2. c4 g6 3. Nc3 Bg7 4. e4 d6 5. Nf3 0-0 6. Be2 Na6 7. 0-0 c5 8. d5 Nc7 9. Qc2 a6 10. a4 e5 11. a5 Rb8 12. Na4 Nd7 13. Bd2 f5 14. Ne1 fxe4 15. Qxe4 b5 16. axb6 Nxb6 17. Nxb6 Rxb6 18. Bc3 Bh6 19. Bd3 Rf4 20. Qe2 Rf7 21. Be4 Rb8 22. Nd3 Ne8 23. b4 Nf6 24. bxc5 Nxe4 25. Qxe4 Rb3 26. Ba5 Qf6 27. Nb4 Bf5 28. Qe1 dxc5 29. Nc6 e4 30. Bd8 Qd6 31. Rxa6 Kh8 32. Ra8 Bf8 33. Qa1+ Kg8 34. Qa2 Rbb7 35. Bh4 Qc7 36. Bg3 Qb6 37. Ra6 Qb3 38. Qa1 Qxc4 39. Ne5 Qxd5 40. Nxf7 Rxf7 41. Rd1 Qb3 42. Rd8 Rd7 43. Rxd7 Bxd7 44. Ra8 Kf7 45. h3 e3 46. fxe3 Qxe3+ 47. Bf2 Qe4 48. Ra7 Qd5 49. Qa4 Ke8 50. Ra8+ Kf7 51. Qf4+ Qf5 52. Qc4+ Be6 53. Ra7+ Kg8 1/2-1/2

[Event "Steyr Landesliga 1819"]
[Site "Austria"]
[Date "2019.01.12"]
[Round "6.4"]
[White "Krumphals, Friedrich"]
[Black "Mussnig, Manfred"]
[Result "1/2-1/2"]
[WhiteElo "2186"]
[BlackElo "2187"]
[PlyCount "30"]
[EventDate "2018.10.06"]
[EventType "team-tourn"]
[EventRounds "11"]
[EventCountry "AUT"]
[SourceTitle "CBM 189 Extra"]
[Source "ChessBase"]
[SourceDate "2019.06.03"]
[SourceVersion "1"]
[SourceVersionDate "2019.06.03"]
[SourceQuality "1"]
[WhiteTeam "Gamlitz"]
[BlackTeam "Leoben"]
[WhiteTeamCountry "AUT"]
[BlackTeamCountry "AUT"]

1. c4 Nf6 2. Nc3 d5 3. cxd5 Nxd5 4. g3 g6 5. Bg2 Nb6 6. Nf3 Bg7 7. 0-0 0-0 8. d4 c6 9. e4 Bg4 10. Be3 Qd7 11. Rc1 Na6 12. Re1 Bh3 13. Bh1 Bg4 14. Bg2 Bh3 15. Bh1 Bg4 1/2-1/2

[Event "Steyr Landesliga 1819"]
[Site "Austria"]
[Date "2018.10.06"]
[Round "1.5"]
[White "Krumphals, Friedrich"]
[Black "Kainz, Josef"]
[Result "1-0"]
[WhiteElo "2186"]
[BlackElo "1898"]
[PlyCount "73"]
[EventDate "2018.10.06"]
[EventType "team-tourn"]
[EventRounds "11"]
[EventCountry "AUT"]
[SourceTitle "CBM 187 Extra"]
[Source "ChessBase"]
[SourceDate "2018.11.04"]
[SourceVersion "1"]
[SourceVersionDate "2018.11.04"]
[SourceQuality "1"]
[WhiteTeam "Gamlitz"]
[BlackTeam "Gratwein Strassengel"]
[WhiteTeamCountry "AUT"]
[BlackTeamCountry "AUT"]

1. c4 g6 2. e4 e5 3. Nc3 Bg7 4. g3 Ne7 5. Bg2 b6 6. Nge2 Nbc6 7. 0-0 0-0 8. f4 d6 9. f5 f6 10. d3 Rb8 11. Be3 Nd4 12. Bxd4 exd4 13. Nxd4 gxf5 14. exf5 Kh8 15. Nd5 c5 16. Nxe7 Qxe7 17. Re1 Qc7 18. Nc6 Bxf5 19. Re7 Qc8 20. Nxb8 Qxb8 21. Qe2 Bg6 22. Re1 f5 23. Rb7 Qd8 24. Rxa7 Bd4+ 25. Kh1 Qf6 26. Ra8 Rxa8 27. Bxa8 Be5 28. Rf1 Qg5 29. Bd5 Qh6 30. Kg2 Bh5 31. Bf3 Bg6 32. a3 Qg5 33. Kh1 h5 34. Re1 Kh7 35. b4 f4 36. gxf4 Qxf4 37. Be4 1-0

[Event "Steyr Landesliga 1718"]
[Site "Austria"]
[Date "2017.12.02"]
[Round "6.2"]
[White "Krumphals, Friedrich"]
[Black "Kreisl, Robert"]
[Result "0-1"]
[WhiteElo "2191"]
[BlackElo "2427"]
[PlyCount "90"]
[EventDate "2017.09.30"]
[EventType "team-tourn"]
[EventRounds "11"]
[EventCountry "AUT"]
[SourceTitle "EXT 2019"]
[Source "ChessBase"]
[SourceDate "2018.10.10"]
[SourceVersion "1"]
[SourceVersionDate "2018.10.10"]
[SourceQuality "1"]
[WhiteTeam "Ratten Krieglach"]
[BlackTeam "Gamlitz"]
[WhiteTeamCountry "AUT"]
[BlackTeamCountry "AUT"]

1. c4 Nf6 2. Nc3 c5 3. e4 Nc6 4. Nge2 e6 5. d4 cxd4 6. Nxd4 Bc5 7. Nxc6 dxc6 8. Qxd8+ Kxd8 9. Bf4 e5 10. Bxe5 Bxf2+ 11. Kxf2 Ng4+ 12. Kg3 Nxe5 13. Be2 h5 14. Kf4 f6 15. h4 Be6 16. b3 Ke7 17. Rad1 Rag8 18. Bf3 g5+ 19. hxg5 Rxg5 20. Ne2 c5 21. Rh2 h4 22. Ke3 Bg4 23. Nf4 Bxf3 24. gxf3 Rg3 25. Rh3 Rhg8 26. Rxg3 Rxg3 27. Rf1 h3 28. Ne2 Rg2 29. Rh1 h2 30. f4 Ng6 31. a3 b6 32. Kf3 Nh4+ 33. Ke3 Kf7 34. b4 Kg6 35. bxc5 bxc5 36. a4 Kh5 37. a5 Kg4 38. f5 Nf3 39. a6 Ne5 40. Rf1 Nxc4+ 41. Kd3 Ne5+ 42. Ke3 Nf3 43. Rh1 c4 44. Nd4 Rg1 45. Nxf3 Rxh1 0-1

[Event "Steyr Landesliga 1718"]
[Site "Austria"]
[Date "2017.11.18"]
[Round "5.2"]
[White "Schreiner, Till"]
[Black "Krumphals, Friedrich"]
[Result "1/2-1/2"]
[WhiteElo "2328"]
[BlackElo "2191"]
[PlyCount "81"]
[EventDate "2017.09.30"]
[EventType "team-tourn"]
[EventRounds "11"]
[EventCountry "AUT"]
[SourceTitle "EXT 2019"]
[Source "ChessBase"]
[SourceDate "2018.10.10"]
[SourceVersion "1"]
[SourceVersionDate "2018.10.10"]
[SourceQuality "1"]
[WhiteTeam "Graz Styria"]
[BlackTeam "Ratten Krieglach"]
[WhiteTeamCountry "AUT"]
[BlackTeamCountry "AUT"]

1. d4 Nf6 2. c4 g6 3. Nc3 Bg7 4. e4 d6 5. Nf3 0-0 6. Be2 c5 7. d5 e6 8. 0-0 exd5 9. cxd5 Bg4 10. h3 Bxf3 11. Bxf3 Nfd7 12. Bf4 Ne5 13. Be2 f5 14. exf5 gxf5 15. Qd2 Nbd7 16. Rfe1 Nf6 17. Bf1 Nh5 18. Bg5 Qd7 19. f4 Ng6 20. Re6 Bd4+ 21. Kh2 Ng7 22. Bc4 a6 23. Ne2 b5 24. Bb3 Bf2 25. Rf1 c4 26. Bc2 Nxe6 27. dxe6 Qa7 28. e7 Rf7 29. Qxd6 Re8 30. Qc6 Rexe7 31. Bxe7 Nxe7 32. Qf3 Bd4 33. b3 Bg7 34. bxc4 bxc4 35. Rb1 Ng6 36. Qd5 Qc7 37. g3 Ne7 38. Qa8+ Rf8 39. Qxa6 Kh8 40. Kg2 Nd5 41. Qe6 1/2-1/2

[Event "Steyr Landesliga 1617"]
[Site "Austria"]
[Date "2017.05.06"]
[Round "11.3"]
[White "Krumphals, Friedrich"]
[Black "Almer, Gerald"]
[Result "1-0"]
[WhiteElo "2169"]
[BlackElo "2146"]
[PlyCount "97"]
[EventDate "2016.10.01"]
[EventType "team-tourn"]
[EventRounds "11"]
[EventCountry "AUT"]
[SourceTitle "EXT 2018"]
[Source "ChessBase"]
[SourceDate "2017.10.13"]
[SourceVersion "1"]
[SourceVersionDate "2017.10.13"]
[SourceQuality "1"]
[WhiteTeam "Ratten Krieglach"]
[BlackTeam "Feldbach Kirchberg"]
[WhiteTeamCountry "AUT"]
[BlackTeamCountry "AUT"]

1. Nf3 c5 2. c4 Nc6 3. d4 cxd4 4. Nxd4 e5 5. Nb5 d6 6. N1c3 a6 7. Na3 Nf6 8. e4 Be7 9. Nc2 0-0 10. Bd3 Be6 11. 0-0 Rc8 12. Nd5 Nd7 13. b4 Bg5 14. a3 Bxc1 15. Rxc1 Qg5 16. Kh1 h5 17. Be2 g6 18. Nc3 Nb6 19. Nd5 Nd7 20. Nde3 Nf6 21. f3 Rfd8 22. Nd5 Bxd5 23. cxd5 Ne7 24. Qd3 Rc7 25. Ne3 Rdc8 26. Rxc7 Rxc7 27. Nc4 Ne8 28. a4 Nc8 29. g3 f5 30. f4 exf4 31. gxf4 fxe4 32. Qxe4 Re7 33. Qf3 Qh4 34. Rg1 Rg7 35. Qe4 Qe7 36. Qf3 Qf7 37. a5 Ne7 38. Ne3 Qf6 39. f5 Qd4 40. fxg6 Qxb4 41. Nf5 Nxf5 42. Qxf5 Re7 43. Bd3 Ng7 44. Qf6 Re8 45. Qf7+ Kh8 46. Rf1 Rg8 47. Bf5 Qxa5 48. Be6 Qd8 49. Qf4 1-0

[Event "Steyr Landesliga 1617"]
[Site "Austria"]
[Date "2016.10.29"]
[Round "3.2"]
[White "Krumphals, Friedrich"]
[Black "Menezes, Christoph"]
[Result "1-0"]
[WhiteElo "2169"]
[BlackElo "2414"]
[PlyCount "71"]
[EventDate "2016.10.01"]
[EventType "team-tourn"]
[EventRounds "11"]
[EventCountry "AUT"]
[SourceTitle "CBM 175 Extra"]
[Source "ChessBase"]
[SourceDate "2016.12.12"]
[SourceVersion "1"]
[SourceVersionDate "2016.12.12"]
[SourceQuality "1"]
[WhiteTeam "Ratten Krieglach"]
[BlackTeam "Trofaiach Niklasdorf"]
[WhiteTeamCountry "AUT"]
[BlackTeamCountry "AUT"]

1. c4 g6 2. e4 Bg7 3. d4 d6 4. Nc3 Nf6 5. Nf3 0-0 6. Be2 Na6 7. 0-0 e5 8. Be3 c6 9. d5 Ng4 10. Bg5 f6 11. Bh4 c5 12. Nd2 h5 13. h3 Nh6 14. f3 Nf7 15. Bg3 Bh6 16. f4 h4 17. Bh2 exf4 18. Bxf4 Bxf4 19. Rxf4 g5 20. Rf2 Ne5 21. Nf3 Ng6 22. Ne1 f5 23. exf5 Bxf5 24. Bg4 Ne7 25. Nd3 Bg6 26. Qe2 Rxf2 27. Nxf2 Kg7 28. Nfe4 Bxe4 29. Nxe4 Ng6 30. Bf5 Nf4 31. Qg4 Kh6 32. g3 hxg3 33. h4 Ng6 34. hxg5+ Kg7 35. Qh5 Qe8 36. Qh6+ 1-0

[Event "Steyr Landesliga 1415"]
[Site "Austria"]
[Date "2015.04.11"]
[Round "10.4"]
[White "Krumphals, Friedrich"]
[Black "Mitter, Gerd"]
[Result "0-1"]
[WhiteElo "2165"]
[BlackElo "2215"]
[PlyCount "80"]
[EventDate "2014.09.27"]
[EventType "team-tourn"]
[EventRounds "11"]
[EventCountry "AUT"]
[SourceTitle "EXT 2016"]
[Source "ChessBase"]
[SourceDate "2015.10.08"]
[SourceVersion "1"]
[SourceVersionDate "2015.10.08"]
[SourceQuality "1"]
[WhiteTeam "Horn Ratten Krieglach"]
[BlackTeam "Trofaiach Niklasdorf"]
[WhiteTeamCountry "AUT"]
[BlackTeamCountry "AUT"]

1. c4 Nf6 2. Nc3 d5 3. cxd5 Nxd5 4. g3 g6 5. Bg2 c6 6. Nxd5 cxd5 7. Qb3 e6 8. Nf3 Bg7 9. d4 Nc6 10. e3 0-0 11. Bd2 Na5 12. Qa4 Nc4 13. Bb4 Bd7 14. Qc2 Rc8 15. Qb1 Re8 16. b3 Na3 17. Bxa3 Qa5+ 18. Nd2 Qxa3 19. 0-0 Rc7 20. Rc1 Rec8 21. Rxc7 Rxc7 22. Nf3 Bb5 23. Bf1 Bxf1 24. Kxf1 Bf8 25. Qd3 Qb2 26. Qb1 Qc3 27. a4 f6 28. Ra2 Bb4 29. Ke2 Qc6 30. Ne1 Bxe1 31. Qxe1 Qa6+ 32. Kf3 Qd3 33. Qa5 b6 34. Qb4 Qe4+ 35. Ke2 Qg4+ 36. f3 Qh3 37. Kd3 Qf1+ 38. Re2 Qb1+ 39. Kd2 Rc2+ 40. Kd3 Rc4+ 0-1

[Event "Steyr Landesliga 1415"]
[Site "Austria"]
[Date "2014.09.27"]
[Round "1.4"]
[White "Hatzl, Johannes"]
[Black "Krumphals, Friedrich"]
[Result "1/2-1/2"]
[WhiteElo "2131"]
[BlackElo "2165"]
[PlyCount "58"]
[EventDate "2014.09.27"]
[EventType "team-tourn"]
[EventRounds "11"]
[EventCountry "AUT"]
[SourceTitle "EXT 2016"]
[Source "ChessBase"]
[SourceDate "2015.10.08"]
[SourceVersion "1"]
[SourceVersionDate "2015.10.08"]
[SourceQuality "1"]
[WhiteTeam "Fuerstenfeld/Hartberg"]
[BlackTeam "Horn Ratten Krieglach"]
[WhiteTeamCountry "AUT"]
[BlackTeamCountry "AUT"]

1. e4 c5 2. c3 d5 3. exd5 Qxd5 4. d4 Nf6 5. Nf3 e6 6. Be3 Nc6 7. dxc5 Qxd1+ 8. Kxd1 Ng4 9. b4 a5 10. Bb5 Nxe3+ 11. fxe3 Bd7 12. Nd4 Ne5 13. Bxd7+ Kxd7 14. Rf1 f6 15. a3 axb4 16. cxb4 b6 17. cxb6 Bxb4 18. Ke2 Rhb8 19. Rd1 Ke7 20. Nd2 Bxd2 21. Rxd2 Rxb6 22. Rc1 Rb7 23. Rc3 Ra4 24. Rdc2 Raa7 25. h3 Kf7 26. Ra2 Ra4 27. Rac2 Raa7 28. Ra2 Ra4 29. Rac2 Raa7 1/2-1/2

[Event "Steyr Landesliga 1314"]
[Site "Austria"]
[Date "2014.03.01"]
[Round "8.5"]
[White "Mussnig, Manfred"]
[Black "Krumphals, Friedrich"]
[Result "1/2-1/2"]
[WhiteElo "2160"]
[BlackElo "2148"]
[PlyCount "28"]
[EventDate "2013.09.28"]
[EventType "team-tourn"]
[EventRounds "11"]
[EventCountry "AUT"]
[SourceTitle "EXT 2015"]
[Source "ChessBase"]
[SourceDate "2014.11.20"]
[SourceVersion "1"]
[SourceVersionDate "2014.11.20"]
[SourceQuality "1"]
[WhiteTeam "Leoben"]
[BlackTeam "Feldbach Kirchberg"]
[WhiteTeamCountry "AUT"]
[BlackTeamCountry "AUT"]

1. e4 c5 2. Nf3 Nc6 3. d4 cxd4 4. Nxd4 g6 5. c4 Bg7 6. Be3 Nf6 7. Nc3 Ng4 8. Qxg4 Nxd4 9. Qd1 Ne6 10. Rc1 Qa5 11. Qd2 d6 12. Be2 Bd7 13. 0-0 Bc6 14. f3 0-0 1/2-1/2

[Event "Steyr Landesliga 1112"]
[Site "Austria"]
[Date "2011.10.08"]
[Round "2.5"]
[White "Neubauer, Anton"]
[Black "Krumphals, Friedrich"]
[Result "1-0"]
[WhiteElo "1904"]
[BlackElo "2139"]
[PlyCount "97"]
[EventDate "2011.09.24"]
[EventType "team-tourn"]
[EventRounds "11"]
[EventCountry "AUT"]
[SourceTitle "EXT 2013"]
[Source "ChessBase"]
[SourceDate "2012.11.22"]
[SourceVersion "1"]
[SourceVersionDate "2012.11.22"]
[SourceQuality "1"]
[WhiteTeam "Graz Austria"]
[BlackTeam "Feldbach Kirchberg"]
[WhiteTeamCountry "AUT"]
[BlackTeamCountry "AUT"]

1. e4 c6 2. d4 d5 3. e5 Bf5 4. Nf3 e6 5. Be2 Nd7 6. 0-0 Ne7 7. Be3 a6 8. Nbd2 c5 9. c3 Nc6 10. a3 Be7 11. b4 cxd4 12. cxd4 Rc8 13. Rc1 0-0 14. Ne1 Qb6 15. Nb3 Rc7 16. Bd3 Bxd3 17. Nxd3 a5 18. Nbc5 axb4 19. Nxd7 Rxd7 20. axb4 Ra8 21. Nc5 Rdd8 22. b5 Na5 23. Qg4 Nc4 24. Bh6 g6 25. Bg5 Bxg5 26. Qxg5 Qc7 27. b6 Qc6 28. h4 Rab8 29. h5 Qe8 30. Qf6 Qf8 31. Rc3 Qg7 32. hxg6 hxg6 33. Qe7 Re8 34. Qg5 Red8 35. Nxb7 Rdc8 36. Nc5 Nxb6 37. Rb1 Nd7 38. Rxb8 Nxb8 39. Rb3 Qf8 40. Qf6 Qd8 41. Qf4 Rc7 42. Rh3 g5 43. Rg3 Rxc5 44. Rxg5+ Kf8 45. dxc5 Nd7 46. Rh5 Ke8 47. Rh7 Qe7 48. c6 Nf8 49. Qxf7+ 1-0

[Event "Steyr Landesliga 1112"]
[Site "Austria"]
[Date "2011.09.24"]
[Round "1.5"]
[White "Krumphals, Friedrich"]
[Black "Teuschler, Hugo"]
[Result "1/2-1/2"]
[WhiteElo "2139"]
[BlackElo "2042"]
[PlyCount "86"]
[EventDate "2011.09.24"]
[EventType "team-tourn"]
[EventRounds "11"]
[EventCountry "AUT"]
[SourceTitle "EXT 2013"]
[Source "ChessBase"]
[SourceDate "2012.11.22"]
[SourceVersion "1"]
[SourceVersionDate "2012.11.22"]
[SourceQuality "1"]
[WhiteTeam "Feldbach Kirchberg"]
[BlackTeam "Graz Strassenbahn"]
[WhiteTeamCountry "AUT"]
[BlackTeamCountry "AUT"]

1. c4 e6 2. Nf3 d5 3. g3 Nf6 4. Bg2 Be7 5. 0-0 0-0 6. d4 dxc4 7. Ne5 Nc6 8. Nxc6 bxc6 9. Bxc6 Rb8 10. Na3 Bxa3 11. bxa3 Bb7 12. Bxb7 Rxb7 13. Bg5 Qd5 14. Bxf6 gxf6 15. e3 c5 16. Qg4+ Qg5 17. Qe4 Rd7 18. dxc5 Qxc5 19. Rac1 c3 20. Qg4+ Kh8 21. Qb4 Rc8 22. Qxc5 Rxc5 23. Rc2 Rd2 24. Rfc1 Rb5 25. Rxc3 Rbb2 26. Rf1 Rxa2 27. Rc7 Kg7 28. Rxa7 Rd3 29. Ra4 Rdxa3 30. Rg4+ Kf8 31. Rb1 Ra1 32. Rxa1 Rxa1+ 33. Kg2 f5 34. Rg5 h6 35. Rh5 Kg7 36. Rh4 Ra2 37. Rd4 Kg6 38. Rd7 Rb2 39. h4 Rb1 40. Kf3 Ra1 41. Rd2 Rb1 42. Kf4 Rb4+ 43. Ke5 Rb5+ 1/2-1/2

[Event "Oberoesteireich-ch"]
[Site "Leoben"]
[Date "2009.01.06"]
[Round "7"]
[White "Schein, Karl Heinz"]
[Black "Krumphals, Friedrich"]
[Result "1/2-1/2"]
[WhiteElo "2219"]
[BlackElo "2168"]
[PlyCount "20"]
[EventDate "2009.01.02"]
[EventType "swiss"]
[EventRounds "7"]
[EventCountry "AUT"]
[SourceTitle "EXT 2011"]
[Source "ChessBase"]
[SourceDate "2010.11.26"]
[SourceVersion "1"]
[SourceVersionDate "2010.11.26"]
[SourceQuality "1"]

1. e4 c5 2. Nf3 Nc6 3. d4 cxd4 4. Nxd4 Nf6 5. Nc3 d6 6. Bg5 e6 7. Qd2 a6 8. 0-0-0 Nxd4 9. Qxd4 Be7 10. f3 Qc7 1/2-1/2

[Event "Liberec op"]
[Site "Liberec"]
[Date "2006.11.18"]
[Round "9"]
[White "Leskovar, Mario Leopoldo"]
[Black "Krumphals, Friedrich"]
[Result "1-0"]
[WhiteElo "2373"]
[BlackElo "2142"]
[PlyCount "129"]
[EventDate "2006.11.11"]
[EventType "swiss"]
[EventRounds "9"]
[EventCountry "CZE"]
[SourceTitle "CBM 115 Extra"]
[Source "ChessBase"]
[SourceDate "2007.01.10"]
[SourceVersion "1"]
[SourceVersionDate "2007.01.10"]
[SourceQuality "1"]

1. e4 c5 2. Nf3 d6 3. d4 cxd4 4. Nxd4 Nf6 5. Nc3 g6 6. Be2 Bg7 7. 0-0 Nc6 8. Nb3 0-0 9. Re1 Be6 10. Bg5 Rc8 11. f4 Re8 12. Bf3 a6 13. Nd5 Bxd5 14. exd5 Na5 15. c3 Nc4 16. Qe2 Qb6+ 17. Kh1 a5 18. Rab1 a4 19. Nd4 Qa5 20. b3 Na3 21. b4 Qc7 22. Nb5 Nxb5 23. Qxb5 Qxc3 24. Qxb7 h6 25. Bh4 Rb8 26. Qc6 Qa3 27. Qc1 Qd3 28. Qe3 Qf5 29. Qd2 Rb5 30. g4 Qd7 31. h3 h5 32. Qg2 hxg4 33. hxg4 Qb7 34. a3 Nxd5 35. Rbd1 Nxf4 36. Bxb7 Nxg2 37. Bxg2 Re5 38. Bc6 Rc8 39. b5 Rxe1+ 40. Bxe1 Bb2 41. Bb4 Kg7 42. Kg2 Kf6 43. Rd2 Bc1 44. Rc2 Be3 45. Kf3 Bb6 46. Rd2 Kg7 47. g5 Rc7 48. Ke4 Rc8 49. Bc3+ f6 50. gxf6+ exf6 51. Bd4 Bxd4 52. Kxd4 f5 53. Kd5 f4 54. b6 Rd8 55. b7 g5 56. Bd7 Rb8 57. Bc8 Kg6 58. Rf2 Kh5 59. Ke4 d5+ 60. Kf3 d4 61. Rd2 d3 62. Rxd3 Kh4 63. Rd5 g4+ 64. Bxg4 Rh8 65. b8Q 1-0

[Event "Szombathely Savaria op 3rd"]
[Site "Szombathely"]
[Date "2003.07.25"]
[Round "7"]
[White "Kovacs, Gabor H"]
[Black "Krumphals, Friedrich"]
[Result "1-0"]
[WhiteElo "2393"]
[BlackElo "2171"]
[PlyCount "85"]
[EventDate "2003.07.19"]
[EventType "swiss"]
[EventRounds "9"]
[EventCountry "HUN"]
[SourceTitle "CBM 095 Extra"]
[Source "ChessBase"]
[SourceDate "2003.09.04"]
[SourceVersion "1"]
[SourceVersionDate "2003.09.04"]
[SourceQuality "1"]

1. Nf3 d6 2. d4 g6 3. e4 Bg7 4. Bd3 Bg4 5. c3 c5 6. dxc5 dxc5 7. Be3 Bxf3 8. Bb5+ Nd7 9. Qxf3 Rc8 10. Qe2 Ngf6 11. 0-0 0-0 12. Rd1 Qc7 13. Nd2 Rfd8 14. h3 a6 15. Ba4 Nh5 16. Nf3 b5 17. Bc2 Nb6 18. Rxd8+ Rxd8 19. Rd1 Nc4 20. Bc1 Rxd1+ 21. Qxd1 h6 22. a4 Kh7 23. Bb3 Ne5 24. Nxe5 Qxe5 25. Bxf7 Qxe4 26. Bd5 Qb1 27. Bf3 bxa4 28. Be2 c4 29. g4 Nf6 30. Bxc4 a3 31. bxa3 Ne4 32. Bd3 Nxc3 33. Qf1 Qb3 34. Bxa6 Bd4 35. Bc4 Qb6 36. Qe1 e5 37. Qd2 g5 38. Qc2+ Kg7 39. Qf5 Qc7 40. Qe6 Ne4 41. Qg8+ Kf6 42. Qf8+ Kg6 43. Bd3 1-0

[Event "Szombathely Savaria op 3rd"]
[Site "Szombathely"]
[Date "2003.07.20"]
[Round "2"]
[White "Krumphals, Friedrich"]
[Black "Lakos, Nikoletta"]
[Result "0-1"]
[WhiteElo "2171"]
[BlackElo "2372"]
[PlyCount "100"]
[EventDate "2003.07.19"]
[EventType "swiss"]
[EventRounds "9"]
[EventCountry "HUN"]
[SourceTitle "CBM 095 Extra"]
[Source "ChessBase"]
[SourceDate "2003.09.04"]
[SourceVersion "1"]
[SourceVersionDate "2003.09.04"]
[SourceQuality "1"]

1. c4 e6 2. Nf3 Nf6 3. g3 d5 4. Bg2 dxc4 5. Qa4+ c6 6. Qxc4 b5 7. Qc2 Bb7 8. Nc3 a6 9. 0-0 c5 10. Rd1 Nbd7 11. d3 Rc8 12. Bg5 Be7 13. Rac1 0-0 14. e4 h6 15. Bf4 Qa5 16. Nd2 e5 17. Nb3 Qc7 18. Bd2 Qb8 19. Na5 Ba8 20. h3 Rfd8 21. Ne2 Nf8 22. f4 c4 23. dxc4 Ne6 24. Be3 Rxd1+ 25. Rxd1 Bb4 26. Nb3 Rxc4 27. Qd3 Bxe4 28. Bxe4 Rxe4 29. f5 Nc7 30. a3 Ncd5 31. Bf2 Be7 32. Nd2 Ra4 33. Qb3 e4 34. Nf1 Rc4 35. Ne3 Nxe3 36. Bxe3 Qc8 37. g4 Nd7 38. Bf4 Nc5 39. Qg3 Nd3 40. Be3 Rc2 41. Nd4 Rxb2 42. h4 Qd7 43. g5 Qd6 44. Qh3 h5 45. f6 gxf6 46. Nf5 Qe6 47. Bd4 Rb3 48. Nxe7+ Qxe7 49. gxf6 Qe6 50. Kh1 Qxh3+ 0-1